[Event "Mont de Marsan op 6th"]
[Site "Mont de Marsan"]
[Date "2006.12.29"]
[Round "7"]
[White "Riballet, Jean Paul"]
[Black "Suberbielle, Sebastien"]
[Result "1/2-1/2"]
[WhiteElo "1400"]
[BlackElo "1499"]
[PlyCount "99"]
[EventDate "2006.12.26"]
[EventType "swiss"]
[EventRounds "9"]
[EventCountry "FRA"]
[SourceTitle "CBM 116 Extra"]
[Source "ChessBase"]
[SourceDate "2007.03.07"]
[SourceVersion "1"]
[SourceVersionDate "2007.03.07"]
[SourceQuality "1"]

1. e4 e5 2. Nf3 Nc6 3. Bc4 h6 4. Nc3 Bb4 5. Ne2 Nf6 6. Ng3 d6 7. h3 Be6 8. Be2 d5 9. a3 Ba5 10. exd5 Bxd5 11. 0-0 Qe7 12. c4 Bxf3 13. Bxf3 Bb6 14. Nf5 Qd7 15. Bg4 Nxg4 16. Qxg4 0-0-0 17. Ne3 Bd4 18. Rb1 Ne7 19. b4 f5 20. Qe2 h5 21. b5 b6 22. a4 f4 23. Qf3 c6 24. bxc6 Qxc6 25. Qxc6+ Nxc6 26. Nd5 h4 27. Kh2 g5 28. f3 Rh6 29. d3 Re8 30. Ba3 Rd8 31. Ne7+ Nxe7 32. Bxe7 Rg8 33. Rb5 Kd7 34. Ba3 Kc6 35. a5 Rd8 36. a6 Bc5 37. Rb3 Bxa3 38. Rxa3 Kc5 39. Rc1 Rhd6 40. Re1 Re8 41. Re4 Rd4 42. Rb3 Rxe4 43. Rb5+ Kc6 44. dxe4 Re7 45. Rd5 Re8 46. Kg1 Re6 47. Rb5 Re7 48. Rd5 Re6 49. Rd8 Re7 50. Rd5 1/2-1/2